[Event "Odense-ch C"]
[Site "Odense"]
[Date "2019.10.13"]
[Round "5"]
[White "Laursen, Niels Norskov"]
[Black "Schou Moldt, Thomas"]
[Result "1/2-1/2"]
[WhiteElo "2264"]
[BlackElo "2201"]
[PlyCount "74"]
[EventDate "2019.10.11"]
[EventType "tourn"]
[EventRounds "5"]
[EventCountry "DEN"]
[SourceTitle "EXT 2021"]
[Source "ChessBase"]
[SourceDate "2020.10.23"]
[SourceVersion "1"]
[SourceVersionDate "2020.10.23"]
[SourceQuality "1"]

1. e4 d6 2. d4 Nf6 3. Nc3 g6 4. Be3 c6 5. h3 Nbd7 6. a4 b6 7. Nf3 Qc7 8. Bd3 Bg7 9. 0-0 0-0 10. Re1 e5 11. dxe5 dxe5 12. Bf1 a6 13. Nd2 Bb7 14. Nc4 b5 15. Qd6 Qc8 16. Nb6 Nxb6 17. Bxb6 Re8 18. Rad1 Nh5 19. Qc7 Qxc7 20. Bxc7 Bf8 21. Bd6 Rad8 22. Bxf8 Kxf8 23. Rxd8 Rxd8 24. Rd1 Ke7 25. Rxd8 Kxd8 26. b4 Nf4 27. g3 Ne6 28. Bd3 Kc7 29. Kf1 Nd4 30. axb5 axb5 31. Ne2 Bc8 32. Kg2 Kb6 33. c3 Ne6 34. h4 Nc7 35. Kf3 c5 36. bxc5+ Kxc5 37. Ke3 f6 1/2-1/2

[Event "DEN-ch cand"]
[Site "Svendborg"]
[Date "2016.03.28"]
[Round "7"]
[White "Schou Moldt, Thomas"]
[Black "Christensen, Christian Sylvester"]
[Result "1-0"]
[WhiteElo "2186"]
[BlackElo "2109"]
[PlyCount "61"]
[EventDate "2016.03.22"]
[EventType "swiss"]
[EventRounds "7"]
[EventCountry "DEN"]
[SourceTitle "EXT 2023"]
[Source "ChessBase"]
[SourceDate "2022.10.05"]
[SourceVersion "1"]
[SourceVersionDate "2022.10.05"]
[SourceQuality "1"]

1. e4 c5 2. Nf3 e6 3. d4 cxd4 4. Nxd4 a6 5. Bd3 Qc7 6. 0-0 Nf6 7. Qe2 d6 8. c4 g6 9. Nc3 Bg7 10. Nb3 0-0 11. Bg5 Nbd7 12. Rad1 b6 13. Rc1 Ne5 14. f3 Bb7 15. Nd2 Rac8 16. b3 Nxd3 17. Qxd3 Qb8 18. Bf4 Rfd8 19. Rfd1 Bf8 20. Kh1 Nd7 21. Nf1 Ne5 22. Qe2 Ba8 23. Bg5 Re8 24. Ne3 Bg7 25. f4 Nc6 26. Ng4 f5 27. Nf6+ Kh8 28. exf5 gxf5 29. Qh5 h6 30. Qg6 Bxf6 31. Bxf6# 1-0

[Event "DEN-ch cand"]
[Site "Svendborg"]
[Date "2016.03.25"]
[Round "4"]
[White "Seegert, Kristian"]
[Black "Schou Moldt, Thomas"]
[Result "1/2-1/2"]
[WhiteElo "2266"]
[BlackElo "2186"]
[PlyCount "112"]
[EventDate "2016.03.22"]
[EventType "swiss"]
[EventRounds "7"]
[EventCountry "DEN"]
[SourceTitle "EXT 2023"]
[Source "ChessBase"]
[SourceDate "2022.10.05"]
[SourceVersion "1"]
[SourceVersionDate "2022.10.05"]
[SourceQuality "1"]

1. e4 d6 2. d4 Nf6 3. Nc3 g6 4. Be3 c6 5. Qd2 b5 6. e5 b4 7. exf6 bxc3 8. Qxc3 exf6 9. h4 h5 10. Bd3 d5 11. 0-0-0 Bd6 12. Re1 0-0 13. Bh6 Re8 14. Rxe8+ Qxe8 15. Nh3 Bxh3 16. Rxh3 Nd7 17. Ba6 Qb8 18. Qxc6 Bf4+ 19. Kb1 Bxh6 20. Qxd7 Qf4 21. a3 Rb8 22. Rb3 Rxb3 23. cxb3 Qxd4 24. Bb7 Bg7 25. Qxd5 Qxf2 26. b4 Qxh4 27. Qb3 f5 28. b5 Bd4 29. a4 Qe1+ 30. Ka2 Bb6 31. Bd5 Qe7 32. Qc3 Qc5 33. Qxc5 Bxc5 34. a5 Kf8 35. b4 Bd6 36. Kb3 Ke7 37. b6 axb6 38. a6 Bb8 39. Kc4 Ba7 40. Kb5 Kd7 41. Bxf7 h4 42. Bxg6 f4 43. Be4 Kc7 44. Kc4 b5+ 45. Kxb5 Bf2 46. Kc4 Kb6 47. b5 Ka7 48. Bd3 Kb6 49. Be2 Ka7 50. Kd5 Kb6 51. Ke5 Bg3 52. Bf3 Ka7 53. Kd6 Bf2 54. Kc6 Bg1 55. Kd5 Bf2 56. Ke5 Bg3 1/2-1/2

[Event "Reykjavik op"]
[Site "Reykjavik"]
[Date "2016.03.11"]
[Round "5"]
[White "Schou Moldt, Thomas"]
[Black "Haraldsson, Haraldur"]
[Result "1/2-1/2"]
[WhiteElo "2186"]
[BlackElo "1988"]
[PlyCount "152"]
[EventDate "2016.03.08"]
[EventType "swiss"]
[EventRounds "10"]
[EventCountry "ISL"]
[SourceTitle "CBM 171 Extra"]
[Source "ChessBase"]
[SourceDate "2016.04.26"]
[SourceVersion "1"]
[SourceVersionDate "2016.04.26"]
[SourceQuality "1"]

1. d4 Nf6 2. c4 e6 3. Nf3 b6 4. g3 Ba6 5. Nbd2 c5 6. Bg2 Bb7 7. 0-0 cxd4 8. Nb3 d6 9. Nbxd4 Be7 10. Qa4+ Qd7 11. Qxd7+ Nbxd7 12. Bh3 Rc8 13. Be3 0-0 14. Rfd1 d5 15. cxd5 Bxd5 16. Nb5 a6 17. Nc3 Bb7 18. Bg2 Rfd8 19. Rac1 b5 20. Ba7 Kf8 21. Bd4 Ke8 22. e4 b4 23. e5 bxc3 24. exf6 Bxf6 25. bxc3 Bxd4 26. Rxd4 Nc5 27. Ne5 Bxg2 28. Kxg2 f6 29. Nf3 e5 30. Rxd8+ Rxd8 31. Kf1 Rb8 32. Rc2 g5 33. Re2 Rb1+ 34. Re1 Rb6 35. Nd2 Kd7 36. Nc4 Rc6 37. Rb1 Na4 38. Ne3 Nxc3 39. Rb7+ Ke6 40. Rxh7 Nxa2 41. h4 gxh4 42. gxh4 Nc3 43. h5 a5 44. Ra7 a4 45. h6 Rc8 46. Ra6+ Kf7 47. h7 Kg7 48. Ra7+ Kg6 49. Rc7 Ra8 50. Rxc3 Kxh7 51. Ra3 Kg6 52. Nc4 Kf5 53. Nb2 Rb8 54. Nxa4 Kf4 55. Nc5 e4 56. Ra4 f5 57. Nd3+ Kg5 58. Ne1 Rb1 59. Rc4 Rb2 60. Rc5 Kg4 61. Rc2 Rb4 62. Rc8 Rb1 63. Rc4 Ra1 64. Rb4 Kg5 65. Rb5 Kg4 66. Rc5 Rb1 67. Ke2 f4 68. Rc8 f3+ 69. Kf1 Ra1 70. Rc3 Kf4 71. Re3 Rc1 72. Kg1 Ra1 73. Kh2 Ra2 74. Kg1 Ra1 75. Kf1 Rb1 76. Ra3 Rc1 1/2-1/2

[Event "Reykjavik op"]
[Site "Reykjavik"]
[Date "2016.03.10"]
[Round "4"]
[White "Lochte, Szilvia"]
[Black "Schou Moldt, Thomas"]
[Result "0-1"]
[WhiteElo "1859"]
[BlackElo "2186"]
[PlyCount "100"]
[EventDate "2016.03.08"]
[EventType "swiss"]
[EventRounds "10"]
[EventCountry "ISL"]
[SourceTitle "CBM 171 Extra"]
[Source "ChessBase"]
[SourceDate "2016.04.26"]
[SourceVersion "1"]
[SourceVersionDate "2016.04.26"]
[SourceQuality "1"]

1. d4 Nf6 2. Nf3 g6 3. g3 Bg7 4. Bg2 0-0 5. 0-0 d6 6. c4 Nbd7 7. Nc3 e5 8. dxe5 Nxe5 9. Nxe5 dxe5 10. Bg5 Qxd1 11. Raxd1 h6 12. Bc1 c6 13. b3 Re8 14. Rd6 Be6 15. Rfd1 Bf8 16. R6d3 Bf5 17. e4 Be6 18. h3 Rac8 19. Bb2 Rc7 20. Rd8 Rxd8 21. Rxd8 Rc8 22. Rxc8 Bxc8 23. Na4 Bd6 24. c5 Bc7 25. Bc3 Be6 26. Nb2 Nd7 27. Nd3 a5 28. h4 Kf8 29. Bf3 f5 30. Kf1 a4 31. exf5 gxf5 32. Bd1 Kf7 33. Bb4 axb3 34. Bxb3 Bxb3 35. axb3 Ke6 36. Nb2 h5 37. Ke2 Kd5 38. Nc4 f4 39. gxf4 exf4 40. Ba5 Bxa5 41. Nxa5 Nxc5 42. Kf3 b6 43. Nc4 b5 44. Na5 Ne6 45. b4 c5 46. bxc5 Kxc5 47. Ke4 Kb6 48. Nb3 Nc5+ 49. Nxc5 Kxc5 50. Kxf4 Kd4 0-1

[Event "DEN-chT 1516 54th"]
[Site "Denmark"]
[Date "2016.01.09"]
[Round "4.5"]
[White "Pedersen, Daniel Vesterbaek"]
[Black "Schou Moldt, Thomas"]
[Result "1-0"]
[WhiteElo "2244"]
[BlackElo "2144"]
[PlyCount "69"]
[EventDate "2015.10.31"]
[EventType "team-tourn"]
[EventRounds "9"]
[EventCountry "DEN"]
[SourceTitle "EXT 2018"]
[Source "ChessBase"]
[SourceDate "2017.10.13"]
[SourceVersion "1"]
[SourceVersionDate "2017.10.13"]
[SourceQuality "1"]
[WhiteTeam "Nordkalotten"]
[BlackTeam "Obro"]
[WhiteTeamCountry "DEN"]
[BlackTeamCountry "DEN"]

1. e4 d6 2. d4 Nf6 3. Nc3 g6 4. Nf3 Bg7 5. Be2 0-0 6. 0-0 c5 7. d5 a6 8. a4 e6 9. Nd2 exd5 10. exd5 Nbd7 11. Nc4 Ne5 12. h3 Nxc4 13. Bxc4 Re8 14. Re1 Rxe1+ 15. Qxe1 b6 16. Bg5 Qd7 17. Qd2 Bb7 18. Re1 Re8 19. Re2 Rxe2 20. Qxe2 Qf5 21. Bh4 Qe5 22. Bxa6 Qxe2 23. Bxe2 Nxd5 24. Nxd5 Bxd5 25. Bd8 Bc6 26. b3 Kf8 27. Bxb6 Ke8 28. Bb5 Bxb5 29. axb5 Bc3 30. Kf1 Kd7 31. Ke2 Bb4 32. Kd3 d5 33. c3 Ba3 34. b4 Kd6 35. Bxc5+ 1-0

[Event "Copenhagen Bronshoj op"]
[Site "Copenhagen"]
[Date "2016.??.??"]
[Round "1"]
[White "Frank Nielsen, Marie"]
[Black "Schou Moldt, Thomas"]
[Result "1-0"]
[WhiteElo "1968"]
[BlackElo "2216"]
[PlyCount "113"]
[EventDate "2016.02.12"]
[EventType "swiss"]
[EventRounds "7"]
[EventCountry "DEN"]
[SourceTitle "CBM 170 Extra"]
[Source "ChessBase"]
[SourceDate "2016.02.25"]
[SourceVersion "1"]
[SourceVersionDate "2016.02.25"]
[SourceQuality "1"]

1. e4 e5 2. Nf3 Nc6 3. Bb5 a6 4. Ba4 Nge7 5. 0-0 g6 6. c3 Bg7 7. d4 exd4 8. cxd4 0-0 9. Nc3 b5 10. Bc2 Bb7 11. Bg5 f6 12. Be3 Na5 13. d5 Nc4 14. Qc1 Nxe3 15. Qxe3 Nc8 16. a4 Nd6 17. Nd2 b4 18. Ne2 a5 19. Rfe1 Re8 20. Qh3 Qe7 21. Rab1 Ba6 22. Nd4 Bc8 23. f4 c5 24. dxc6 dxc6 25. Qb3+ Kh8 26. N4f3 Qa7+ 27. Kh1 Be6 28. Qd3 Rad8 29. Qf1 Bc8 30. Bd3 Nf7 31. Bc4 Be6 32. b3 Nd6 33. Bxe6 Rxe6 34. e5 Nf5 35. Nc4 fxe5 36. Nfxe5 Nd4 37. Qg1 c5 38. Qf1 Rf8 39. Qd3 Rxf4 40. Nf3 Rxe1+ 41. Rxe1 Rf8 42. Ng5 Qd7 43. Qg3 Qf5 44. h4 Ne2 45. Qe3 Nf4 46. Qf3 Qc2 47. Nd6 Qc3 48. Re3 Qc1+ 49. Kh2 h6 50. Ngf7+ Kg8 51. Qxf4 Qd2 52. Qe4 Qd1 53. Qxg6 Qd4 54. Nxh6+ Kh8 55. Ndf7+ Rxf7 56. Nxf7+ Kg8 57. Re8# 1-0

[Event "Copenhagen Bronshoj op"]
[Site "Copenhagen"]
[Date "2016.??.??"]
[Round "3"]
[White "Nielsen, Morten Majlund"]
[Black "Schou Moldt, Thomas"]
[Result "0-1"]
[WhiteElo "1995"]
[BlackElo "2216"]
[PlyCount "116"]
[EventDate "2016.02.12"]
[EventType "swiss"]
[EventRounds "7"]
[EventCountry "DEN"]
[SourceTitle "CBM 170 Extra"]
[Source "ChessBase"]
[SourceDate "2016.02.25"]
[SourceVersion "1"]
[SourceVersionDate "2016.02.25"]
[SourceQuality "1"]

1. e4 c5 2. Nf3 d6 3. d4 cxd4 4. Nxd4 Nf6 5. Nc3 g6 6. Be3 Bg7 7. f3 0-0 8. Qd2 Nc6 9. Bc4 Bd7 10. 0-0-0 Rc8 11. Bb3 Nxd4 12. Bxd4 b5 13. Rhe1 b4 14. Nd5 Nxd5 15. Bxg7 Kxg7 16. Qxd5 a5 17. e5 a4 18. Qd4 axb3 19. exd6+ e5 20. Qxe5+ Kg8 21. axb3 Re8 22. Qd4 Rxe1 23. Rxe1 Qg5+ 24. Qd2 Qa5 25. Kd1 Qa1+ 26. Qc1 Qa6 27. Qf4 Rc6 28. Re2 Qa1+ 29. Qc1 Qa7 30. Qf4 Qg1+ 31. Kd2 Qc5 32. Qe3 Qxd6+ 33. Ke1 Qxh2 34. Kf2 Qc7 35. Qe4 Qb6+ 36. Qe3 Qxe3+ 37. Kxe3 Bf5 38. Kd4 Bxc2 39. Re8+ Kg7 40. Rb8 Bxb3 41. Rxb4 Bd1 42. Ke3 h5 43. Kf4 f6 44. Kg3 Bc2 45. Rb7+ Kh6 46. b4 Bd3 47. Rd7 Rc3 48. Rd6 Rb3 49. Rxf6 Rxb4 50. Rd6 Bf5 51. Ra6 Rb2 52. Rd6 h4+ 53. Kxh4 Rxg2 54. Rb6 Rg1 55. Rc6 Rh1+ 56. Kg3 Kg5 57. f4+ Kh5 58. Rc7 Rh3+ 0-1

[Event "Copenhagen Bronshoj op"]
[Site "Copenhagen"]
[Date "2016.??.??"]
[Round "4"]
[White "Schou Moldt, Thomas"]
[Black "Akdag, Dara Sevkan"]
[Result "1/2-1/2"]
[WhiteElo "2216"]
[BlackElo "2182"]
[PlyCount "104"]
[EventDate "2016.02.12"]
[EventType "swiss"]
[EventRounds "7"]
[EventCountry "DEN"]
[SourceTitle "CBM 170 Extra"]
[Source "ChessBase"]
[SourceDate "2016.02.25"]
[SourceVersion "1"]
[SourceVersionDate "2016.02.25"]
[SourceQuality "1"]

1. e4 c5 2. Nf3 e6 3. d4 cxd4 4. Nxd4 Nc6 5. Nc3 Qc7 6. f4 a6 7. Nxc6 Qxc6 8. Bd3 b5 9. Qe2 Bb7 10. Bd2 Be7 11. a3 Rc8 12. 0-0-0 Nf6 13. Rde1 d5 14. exd5 Nxd5 15. Nxd5 Qxd5 16. Kb1 0-0 17. Qe4 Qxe4 18. Bxe4 Bxe4 19. Rxe4 Rfd8 20. Ba5 Rd5 21. g3 g5 22. fxg5 Bxg5 23. Re2 Rc6 24. Rhe1 Kg7 25. Re5 Rxe5 26. Rxe5 Kf6 27. Re2 Kf5 28. Rf2+ Kg6 29. Bd2 f5 30. Bxg5 Kxg5 31. c3 e5 32. Kc2 Rd6 33. b3 h5 34. c4 Rf6 35. c5 Kg4 36. Kd3 h4 37. gxh4 Kxh4 38. b4 Kg5 39. Rg2+ Kf4 40. Rf2+ Kg5 41. Rg2+ Kh6 42. Ke3 Kh7 43. Rg5 Kh6 44. h4 Rf7 45. Kf3 Rf8 46. Ke3 Rf6 47. Kf2 a5 48. bxa5 Rc6 49. Rxf5 Rxc5 50. a6 Rc6 51. Rxe5 Rxa6 52. Rxb5 Rxa3 1/2-1/2

[Event "Copenhagen Obro New Year op"]
[Site "Copenhagen"]
[Date "2015.12.30"]
[Round "6"]
[White "Fogh, Jens Olaf Svanholm"]
[Black "Schou Moldt, Thomas"]
[Result "0-1"]
[WhiteElo "2128"]
[BlackElo "2230"]
[PlyCount "90"]
[EventDate "2015.12.27"]
[EventType "swiss"]
[EventRounds "7"]
[EventCountry "DEN"]
[SourceTitle "EXT 2018"]
[Source "ChessBase"]
[SourceDate "2017.10.13"]
[SourceVersion "1"]
[SourceVersionDate "2017.10.13"]
[SourceQuality "1"]

1. d4 Nf6 2. Nf3 g6 3. g3 Bg7 4. Bg2 0-0 5. 0-0 d6 6. c3 c6 7. Nbd2 Qc7 8. Qc2 Re8 9. e4 e5 10. dxe5 dxe5 11. Nb3 b6 12. h3 Bb7 13. Be3 c5 14. Nfd2 Ba6 15. Rfd1 Nbd7 16. c4 Nb8 17. Nc1 Nc6 18. b3 Rad8 19. a3 Bb7 20. Ne2 Nd4 21. Bxd4 exd4 22. Qd3 Qc6 23. Nf4 Nd7 24. Nd5 g5 25. f4 gxf4 26. gxf4 Qh6 27. Rf1 Kh8 28. Rae1 Bxd5 29. cxd5 Nf6 30. Nc4 Nh5 31. Qf3 Rg8 32. Kh2 b5 33. Na5 d3 34. Nc6 Bf6 35. Nxd8 Bxd8 36. Qe3 Bh4 37. f5 Qg7 38. Qd2 Qe5+ 39. Kg1 c4 40. Re3 Bg5 41. Rff3 Qd4 42. Kh1 Bxe3 43. Rxe3 Nf4 44. Rg3 Rxg3 45. Qxf4 Rg8 0-1

[Event "Copenhagen Obro New Year op"]
[Site "Copenhagen"]
[Date "2015.12.30"]
[Round "7"]
[White "Schou Moldt, Thomas"]
[Black "Heimisson, Hilmir Freyr"]
[Result "1/2-1/2"]
[WhiteElo "2230"]
[BlackElo "1947"]
[PlyCount "114"]
[EventDate "2015.12.27"]
[EventType "swiss"]
[EventRounds "7"]
[EventCountry "DEN"]
[SourceTitle "EXT 2018"]
[Source "ChessBase"]
[SourceDate "2017.10.13"]
[SourceVersion "1"]
[SourceVersionDate "2017.10.13"]
[SourceQuality "1"]

1. e4 e5 2. Nf3 Nc6 3. d4 exd4 4. Nxd4 d6 5. Nxc6 bxc6 6. Bd3 Nf6 7. Qe2 Be7 8. 0-0 0-0 9. Nc3 Rb8 10. Kh1 h6 11. f4 Bg4 12. Qf2 Bh5 13. Ne2 Bg6 14. f5 Bh7 15. Bd2 Rxb2 16. Bc3 Rb8 17. Rad1 Nd7 18. e5 Nxe5 19. Bxe5 dxe5 20. f6 Bd6 21. Bxh7+ Kxh7 22. fxg7 Kxg7 23. Ng3 Rb4 24. Qe2 Qg5 25. Nf5+ Kh7 26. c4 Rbb8 27. Qe4 Kh8 28. Rd3 Rg8 29. Nxh6 f5 30. Qxc6 Qxh6 31. Rh3 Qxh3 32. gxh3 Rb2 33. c5 Rc2 34. Qf3 Rxh2+ 35. Kxh2 e4+ 36. cxd6 exf3 37. dxc7 Rg2+ 38. Kh1 Rc2 39. Rxf3 Rxc7 40. Rxf5 Kg7 41. Ra5 Kf6 42. h4 Rg7 43. Kh2 Ke6 44. Kh3 Kf6 45. a4 Ke6 46. Rg5 Rc7 47. a5 Kf6 48. Kg4 Rc4+ 49. Kh5 Kf7 50. Rb5 Kf6 51. Rd5 Rb4 52. Rd6+ Kf5 53. a6 Rb8 54. Rh6 Rd8 55. Rh7 Rf8 56. Rh6 Rd8 57. Rh7 Ke5 1/2-1/2

[Event "Copenhagen Obro New Year op"]
[Site "Copenhagen"]
[Date "2015.12.28"]
[Round "3"]
[White "Schou Moldt, Thomas"]
[Black "Porte, Henrik"]
[Result "1/2-1/2"]
[WhiteElo "2230"]
[BlackElo "2215"]
[PlyCount "145"]
[EventDate "2015.12.27"]
[EventType "swiss"]
[EventRounds "7"]
[EventCountry "DEN"]
[SourceTitle "EXT 2018"]
[Source "ChessBase"]
[SourceDate "2017.10.13"]
[SourceVersion "1"]
[SourceVersionDate "2017.10.13"]
[SourceQuality "1"]

1. Nf3 d5 2. d4 c6 3. c4 Nf6 4. Nc3 dxc4 5. a4 Bf5 6. Ne5 Nbd7 7. Nxc4 Qc7 8. Qd2 Nb6 9. Ne3 Bg6 10. a5 Nbd7 11. Nc4 e5 12. dxe5 Nxe5 13. Qf4 Nfd7 14. g3 f6 15. Bh3 Nc5 16. Nxe5 fxe5 17. Qe3 Be7 18. Bd2 0-0 19. b4 Na6 20. Na2 Bf7 21. 0-0 Bd6 22. Bg2 Qe7 23. Rfb1 Nc7 24. Qg5 Qxg5 25. Bxg5 e4 26. Nc3 Be5 27. Ra3 h6 28. Bf4 Bxf4 29. gxf4 Nd5 30. e3 Nxc3 31. Rxc3 Bd5 32. b5 cxb5 33. Rxb5 Rad8 34. h4 g5 35. fxg5 hxg5 36. h5 Kh7 37. Rxd5 Rxd5 38. Bxe4+ Rff5 39. a6 bxa6 40. Rc6 Kg7 41. Bxf5 Rxf5 42. h6+ Kh7 43. Rxa6 Rb5 44. Kg2 Rb6 45. Rxa7+ Kxh6 46. Rf7 Kg6 47. Rf8 Kg7 48. Rf5 Kg6 49. e4 Rb4 50. Kf3 Ra4 51. Rf8 Rb4 52. Ke3 Ra4 53. f3 Ra3+ 54. Kf2 Ra1 55. Rd8 Kf6 56. Rd6+ Kf7 57. Rb6 Kg7 58. Kg2 Kf7 59. Rb2 Kf6 60. Kg3 Rg1+ 61. Rg2 Rh1 62. Re2 Rg1+ 63. Kf2 Ra1 64. e5+ Ke6 65. Kg3 Rg1+ 66. Kh3 Rh1+ 67. Kg4 Rg1+ 68. Kh5 Rg3 69. Re3 g4 70. Kh4 Rxf3 71. Rxf3 gxf3 72. Kg3 Kxe5 73. Kxf3 1/2-1/2

[Event "Malmo op"]
[Site "Malmo"]
[Date "2015.12.19"]
[Round "4"]
[White "Andersson, Ulf"]
[Black "Schou Moldt, Thomas"]
[Result "1/2-1/2"]
[WhiteElo "2512"]
[BlackElo "2210"]
[PlyCount "45"]
[EventDate "2015.12.18"]
[EventType "swiss"]
[EventRounds "7"]
[EventCountry "SWE"]
[SourceTitle "EXT 2017"]
[Source "ChessBase"]
[SourceDate "2016.10.25"]
[SourceVersion "1"]
[SourceVersionDate "2016.10.25"]
[SourceQuality "1"]

1. d4 d5 2. Nf3 Nf6 3. c4 c6 4. Qb3 dxc4 5. Qxc4 Bf5 6. g3 Nbd7 7. Bg2 h6 8. 0-0 e6 9. Nc3 Be7 10. e3 0-0 11. Qe2 Bh7 12. Rd1 Ne4 13. Bd2 Rc8 14. Rac1 Re8 15. Be1 Nxc3 16. Bxc3 Be4 17. Bf1 b5 18. Nd2 Bg6 19. a3 a5 20. Nb3 b4 21. axb4 axb4 22. Be1 Qb6 23. Qa6 1/2-1/2

[Event "Koge Xtracon op"]
[Site "Koge"]
[Date "2015.10.16"]
[Round "6"]
[White "Percivaldi, Martin"]
[Black "Schou Moldt, Thomas"]
[Result "1-0"]
[WhiteElo "2246"]
[BlackElo "2144"]
[PlyCount "49"]
[EventDate "2015.10.12"]
[EventType "swiss"]
[EventRounds "9"]
[EventCountry "DEN"]
[SourceTitle "CBM 168 Extra"]
[Source "ChessBase"]
[SourceDate "2015.10.29"]
[SourceVersion "1"]
[SourceVersionDate "2015.10.29"]
[SourceQuality "1"]

1. d4 d5 2. c4 c6 3. Nf3 Nf6 4. e3 e6 5. b3 Nbd7 6. Bd3 Be7 7. 0-0 0-0 8. Bb2 b6 9. Nc3 Bb7 10. Qe2 c5 11. cxd5 exd5 12. Rfd1 a6 13. Rac1 Re8 14. Ne5 Bd6 15. f4 b5 16. Qf3 Rb8 17. Qh3 Nf8 18. dxc5 Bxc5 19. Nxd5 Bxd5 20. Rxc5 Qa5 21. Ng4 Be4 22. Nxf6+ gxf6 23. Bxe4 Rxe4 24. Bxf6 Ng6 25. Qh6 1-0

[Event "Koge Xtracon op"]
[Site "Koge"]
[Date "2015.10.14"]
[Round "3"]
[White "Schou Moldt, Thomas"]
[Black "Kristiansen, Jens"]
[Result "1/2-1/2"]
[WhiteElo "2144"]
[BlackElo "2431"]
[PlyCount "81"]
[EventDate "2015.10.12"]
[EventType "swiss"]
[EventRounds "9"]
[EventCountry "DEN"]
[SourceTitle "CBM 168 Extra"]
[Source "ChessBase"]
[SourceDate "2015.10.29"]
[SourceVersion "1"]
[SourceVersionDate "2015.10.29"]
[SourceQuality "1"]

1. e4 c5 2. Nf3 d6 3. d4 cxd4 4. Nxd4 Nf6 5. Nc3 e6 6. Bg5 Be7 7. Qd2 a6 8. f3 Nc6 9. Be3 d5 10. exd5 Nxd5 11. Nxd5 Qxd5 12. Nxc6 Qxc6 13. Bd3 0-0 14. Be4 Qc7 15. f4 Rd8 16. Qe2 Bd7 17. 0-0-0 Bb5 18. Bd3 Bc6 19. Rhf1 Bd5 20. Kb1 b5 21. Qf2 Qa5 22. b3 Bf6 23. Bd2 Qc7 24. g4 g6 25. Rde1 Rac8 26. f5 Bxb3 27. cxb3 Rxd3 28. Rc1 Bc3 29. Rxc3 Rxc3 30. fxg6 fxg6 31. Qf6 Rd3 32. Qxe6+ Kg7 33. Rc1 Qd7 34. Qxd7+ Rxd7 35. Rxc8 Rxd2 36. Rc2 Rd4 37. h3 Rd3 38. Rc6 Rxh3 39. Rxa6 Rg3 40. Ra7+ Kg8 41. Ra8+ 1/2-1/2

[Event "Holbak Lovfald A"]
[Site "Holbak"]
[Date "2015.09.13"]
[Round "4"]
[White "Jacobsen, Mikkel Manosri"]
[Black "Schou Moldt, Thomas"]
[Result "1-0"]
[WhiteElo "2354"]
[BlackElo "2191"]
[PlyCount "81"]
[EventDate "2015.09.11"]
[EventType "tourn"]
[EventRounds "5"]
[EventCountry "DEN"]
[SourceTitle "EXT 2024"]
[Source "ChessBase"]
[SourceDate "2023.10.10"]
[SourceVersion "1"]
[SourceVersionDate "2023.10.10"]
[SourceQuality "1"]

1. d4 Nf6 2. Nf3 d5 3. Bf4 c5 4. e3 Nc6 5. c3 Qb6 6. Qb3 g6 7. Na3 Bg7 8. dxc5 Qxc5 9. Nb5 0-0 10. Nc7 e5 11. Nxe5 Na5 12. Nd3 Qxc7 13. Bxc7 Nxb3 14. axb3 Ne4 15. Be5 Nc5 16. Bxg7 Nxd3+ 17. Bxd3 Kxg7 18. b4 Bd7 19. Ra5 a6 20. Rxd5 Bc6 21. Rg5 Rfd8 22. Ke2 Rd6 23. Rg4 Rad8 24. Rd4 Bxg2 25. Rd1 Rxd4 26. exd4 Re8+ 27. Kd2 Kf6 28. c4 h5 29. Rg1 Bh3 30. Rg3 Bg4 31. Re3 Rd8 32. Kc3 Rd7 33. d5 Kg5 34. Kd4 f5 35. h3 f4 36. Re5+ Kh4 37. hxg4 hxg4 38. Bxg6 g3 39. fxg3+ fxg3 40. Be4 Rg7 41. Bg2 1-0

[Event "Holbak Lovfald A"]
[Site "Holbak"]
[Date "2015.09.12"]
[Round "2"]
[White "Schou Moldt, Thomas"]
[Black "Christensen, Svend Ellegaard"]
[Result "0-1"]
[WhiteElo "2191"]
[BlackElo "2239"]
[PlyCount "80"]
[EventDate "2015.09.11"]
[EventType "tourn"]
[EventRounds "5"]
[EventCountry "DEN"]
[SourceTitle "EXT 2024"]
[Source "ChessBase"]
[SourceDate "2023.10.10"]
[SourceVersion "1"]
[SourceVersionDate "2023.10.10"]
[SourceQuality "1"]

1. e4 e5 2. Nf3 d6 3. Nc3 Nf6 4. d4 Nbd7 5. Bc4 Be7 6. h3 c6 7. a4 h6 8. Ba2 Qc7 9. Qe2 a6 10. 0-0 0-0 11. dxe5 dxe5 12. Nh4 Nc5 13. Ng6 Re8 14. Nxe7+ Qxe7 15. a5 Ne6 16. Bxe6 Bxe6 17. Re1 Kh7 18. Ra3 Rad8 19. Qe3 Rg8 20. Na4 Rd4 21. f3 g5 22. c3 Rd6 23. Ra1 Nh5 24. b3 Rdd8 25. Ba3 Qf6 26. Nc5 Bc8 27. Rad1 Nf4 28. Rxd8 Qxd8 29. Kh2 Qxa5 30. Na4 Qd8 31. g3 Nxh3 32. c4 Nf4 33. Bb2 Qd7 34. g4 Rd8 35. Bc3 Qd3 36. Qxd3 Rxd3 37. Rf1 b5 38. Nb6 Rxc3 39. Nxc8 Rxb3 40. cxb5 cxb5 0-1

[Event "Politiken Cup 37th"]
[Site "Helsingor"]
[Date "2015.07.28"]
[Round "5"]
[White "Rasmussen, Lars Garne"]
[Black "Schou Moldt, Thomas"]
[Result "0-1"]
[WhiteElo "1953"]
[BlackElo "2205"]
[PlyCount "82"]
[EventDate "2015.07.25"]
[EventType "swiss"]
[EventRounds "10"]
[EventCountry "DEN"]
[SourceTitle "CBM 167 Extra"]
[Source "ChessBase"]
[SourceDate "2015.09.14"]
[SourceVersion "1"]
[SourceVersionDate "2015.09.14"]
[SourceQuality "1"]

1. e4 c5 2. Nf3 a6 3. c3 d5 4. exd5 Qxd5 5. d4 Nf6 6. Be2 Bg4 7. 0-0 e6 8. c4 Qd6 9. dxc5 Qxd1 10. Rxd1 Bxc5 11. Nc3 Nc6 12. Bf4 Nh5 13. Bd6 Bxd6 14. Rxd6 Nf4 15. Bd1 Ke7 16. Rd2 Rhd8 17. Rxd8 Rxd8 18. Nh4 Bxd1 19. Rxd1 Ne2+ 20. Kf1 Nxc3 21. Rxd8 Nxd8 22. bxc3 Kd6 23. Ke2 Kc5 24. Kd3 Nc6 25. Nf3 h6 26. h3 g5 27. g3 f5 28. Nd4 Ne5+ 29. Kc2 Kd6 30. Kb3 Nd3 31. f3 Nf2 32. h4 gxh4 33. gxh4 Nd3 34. a4 a5 35. Kc2 Nc5 36. f4 Nxa4 37. Nf3 Nc5 38. Ne5 Nd7 39. Nd3 e5 40. c5+ Kd5 41. fxe5 Nxe5 0-1

[Event "Politiken Cup 37th"]
[Site "Helsingor"]
[Date "2015.07.26"]
[Round "2"]
[White "Schou Moldt, Thomas"]
[Black "Mehringer, Joerg"]
[Result "1-0"]
[WhiteElo "2205"]
[BlackElo "1991"]
[PlyCount "139"]
[EventDate "2015.07.25"]
[EventType "swiss"]
[EventRounds "10"]
[EventCountry "DEN"]
[SourceTitle "CBM 167 Extra"]
[Source "ChessBase"]
[SourceDate "2015.09.14"]
[SourceVersion "1"]
[SourceVersionDate "2015.09.14"]
[SourceQuality "1"]

1. Nf3 Nf6 2. g3 g6 3. Bg2 Bg7 4. 0-0 0-0 5. d4 d5 6. c4 c6 7. Nc3 dxc4 8. e3 Nbd7 9. a4 a5 10. Qe2 Nb6 11. e4 Bg4 12. Be3 Nfd7 13. Rfd1 Qc7 14. Rac1 Rad8 15. Qe1 f5 16. e5 e6 17. Ng5 Rde8 18. f3 Bh5 19. Bh3 h6 20. g4 f4 21. Bf2 hxg5 22. gxh5 gxh5 23. Qe4 Kf7 24. Bxe6+ Rxe6 25. Qf5+ Ke7 26. Qxg5+ Bf6 27. exf6+ Nxf6 28. Bh4 Kf7 29. Kh1 Rg8 30. Qf5 Nbd5 31. Nxd5 cxd5 32. Bxf6 Rxf6 33. Qxd5+ Kf8 34. Rxc4 Rc6 35. Rxc6 bxc6 36. Qf5+ Qf7 37. Qc8+ Qe8 38. Qf5+ Qf7 39. Qc5+ Qe7 40. Rc1 Rg6 41. Qxe7+ Kxe7 42. Re1+ Kd7 43. Re4 Rf6 44. Kg2 Kd6 45. Kh3 Kd5 46. Kh4 Kc4 47. Kg5 Rf8 48. h4 Kb3 49. Kxh5 Kxb2 50. Kg6 Kb3 51. h5 Rg8+ 52. Kf7 Rh8 53. Re5 Kxa4 54. Kg7 Rd8 55. h6 Rxd4 56. Rf5 Rd1 57. h7 Rh1 58. Rf6 Rxh7+ 59. Kxh7 Kb5 60. Kg6 a4 61. Kf5 a3 62. Rf8 c5 63. Ra8 Kb4 64. Kxf4 c4 65. Ke3 Kb3 66. Kd2 Kb2 67. Rb8+ Ka1 68. Kc2 c3 69. Ra8 a2 70. Rxa2+ 1-0